00549nam a2200193 a 4500001001300000003000900013005001700022008004100039020002300080082001800103100002100121245007300142260003500215300000900250500003500259505001700294650002300311700002100334nice12345678IN_TiNIC20260116014511.0090112s2004 dela grp 000 0 eng  a8178241110 c29500a297.1972bMAM aMamdani, Mahmood aGood, Bad Muslimb Islam, the USA, and the Global War Against Terror aDelhi bPermanent Black c2004 a304p aincludes index and biblioraphy2 anotes, index aIslam-20th Century1 aMamdani, Mahmood